The Most Religious & Non-Religious Ethnic Groups in Australia - Statistics

General Stats
  • This quiz has been taken 347 times
    346 since last reset
  • The average score is 5 of 10
Answer Stats
Hint Religion % Ancestry % Correct
North-East Asian No Religion 55.2 Chinese
86%
North-East Asian No Religion 62.8 Japanese
79%
South-East Asian Christianity 93.6 Filipino
67%
Southern and Eastern European Christianity 90.3 Greek
67%
Southern and Central Asian Islam 91.0 Pakistani
62%
Southern and Central Asian Islam 91.4 Afghan
46%
North African and Middle Eastern No Religion 34.2 Iranian
39%
Oceanian No Religion 50.4 New Zealander
38%
Oceanian No Religion 46.3 Maori
36%
North African and Middle Eastern Christianity 96.3 Assyrian
25%
No matching quizzes found
Score Distribution
Percent of People with Each Score
Percentile by Number Answered
Your Score History
You have not taken this quiz since the last reset